Paraguay and Uruguay - Statistics

General Stats
  • This quiz has been taken 124 times
    14 since last reset
  • The average score is 14 of 17
Answer Stats
Question Answer % Correct
Is a Spanish-speaking country Both
100%
The capital is Asuncion Paraguay
100%
Is landlocked Paraguay
100%
The capital is Montevideo Uruguay
100%
Hosted the very first FIFA World Cup Uruguay
100%
Has La Mano de Punta del Este, which is basically a statue of a hand on the beach. Uruguay
100%
Which one is Paraguay?
92%
Which one is Uruguay?
92%
Borders Argentina Both
92%
Has a sun on its flag Uruguay
92%
Its capital city is located on the Rio de la Plata Uruguay
83%
Borders Iguazu Falls Paraguay
75%
Along with Brazil, owns the Itaipu dam, once of the largest in the world. Paraguay
75%
People enjoy drinking yerba mate Both
50%
Its independence from Spain was declared on May 14, 1811 Paraguay
50%
There is a river with the same name Both
42%
The national dish is the chivito Uruguay
25%
No matching quizzes found
Score Distribution
Percent of People with Each Score
Percentile by Number Answered
Your Score History
You have not taken this quiz since the last reset